| 000 | 00353nam a22001337a 4500 | ||
|---|---|---|---|
| 008 | 220124b ||||| |||| 00| 0 eng d | ||
| 020 | _a9789353281885 | ||
| 082 |
_a658.312 _b1 |
||
| 100 |
_aLynton P. Rolf _97528 |
||
| 245 | _aTraining For Development (Hindi Book) | ||
| 260 |
_aNew Delhi _bSAGE Publications _c2018 |
||
| 300 | _a312.P | ||
| 942 |
_2ddc _cBK |
||
| 999 |
_c11955 _d11955 |
||